Jangan menghina

Bibliographic Details
Format: Book
Published: Kuala Lumpur : Penerbitan Kembang Maju Sdn Bhd , 1999
Series:Cerita pengajaran moral
Subjects:

MARC

LEADER 00000cam a2200000 7i4500
001 0000064193
005 20220105104222.0
008 160626
020 |a 9679913570 
020 |a 9789679913576 
090 0 0 |a PR   |b MAL 
245 0 0 |a Jangan menghina   |c Penyusun Zaharil 
260 |a Kuala Lumpur :   |b Penerbitan Kembang Maju Sdn Bhd ,   |c 1999 
300 |a 15pg. :   |b Col.ill 
490 1 |a Cerita pengajaran moral 
500 |a Children age 4-6 years old (yellow) 
650 0 |a Malay fiction 
999 |a 0000766713   |b Book   |c Children Collection   |e Cawangan Bandar Penawar 
999 |a 0000766716   |b Book   |c Children Collection   |e Cawangan Bandar Penawar 
999 |a 0000773397   |b Book   |c Children Collection   |e Cawangan Pontian 
999 |a 0000773399   |b Book   |c Children Collection   |e Cawangan Pontian 
999 |a 0000773400   |b Book   |c Children Collection   |e Cawangan Pontian 
999 |a 0000786648   |b Book   |c Children Collection   |e Cawangan Segamat 
999 |a 0000786649   |b Book   |c Children Collection   |e Cawangan Segamat